Basic Sciences in Ophthalmology: (Record no. 1739)

MARC details
000 -LEADER
fixed length control field 00542nam a22002057a 4500
003 - CONTROL NUMBER IDENTIFIER
control field OSt
005 - DATE AND TIME OF LATEST TRANSACTION
control field 20150511142514.0
008 - FIXED-LENGTH DATA ELEMENTS--GENERAL INFORMATION
fixed length control field 150511b xxu||||| |||| 00| 0 eng d
020 ## - INTERNATIONAL STANDARD BOOK NUMBER
International Standard Book Number 0727913778
040 ## - CATALOGING SOURCE
Transcribing agency DDC
082 ## - DEWEY DECIMAL CLASSIFICATION NUMBER
Classification number WW 100 F382b 1999
100 ## - MAIN ENTRY--PERSONAL NAME
Personal name Ferris John
9 (RLIN) 4587
245 ## - TITLE STATEMENT
Title Basic Sciences in Ophthalmology:
Remainder of title A self Assessment text /
250 ## - EDITION STATEMENT
Edition statement 2nd ed.
260 ## - PUBLICATION, DISTRIBUTION, ETC. (IMPRINT)
Place of publication, distribution, etc. London:
Name of publisher, distributor, etc. BMJ Books;
Date of publication, distribution, etc. 1999.
300 ## - PHYSICAL DESCRIPTION
Extent xiii,480 p :
Other physical details ill;
Dimensions 25 cm
504 ## - BIBLIOGRAPHY, ETC. NOTE
Bibliography, etc Includes index.
650 ## - SUBJECT ADDED ENTRY--TOPICAL TERM
Topical term or geographic name as entry element Ophthalmology
9 (RLIN) 338
942 ## - ADDED ENTRY ELEMENTS (KOHA)
Source of classification or shelving scheme Other/Generic Classification Scheme
Koha item type Short Loan
Holdings
Withdrawn status Lost status Source of classification or shelving scheme Damaged status Not for loan Home library Current library Date acquired Source of acquisition Inventory number Total Checkouts Full call number Barcode Date last seen Price effective from Koha item type
    Other/Generic Classification Scheme     MUST Main Library MUST Main Library 11/05/2015   2005/23549   WW 100 F382b 1999 2015-1382 11/05/2015 11/05/2015 Short Loan
    Other/Generic Classification Scheme     MUST Main Library MUST Main Library 11/05/2015   2004/22472   WW 100 F382b 1999 2015-1383 11/05/2015 11/05/2015 Short Loan
    Other/Generic Classification Scheme     MUST Main Library MUST Main Library 11/05/2015   2004/22474   WW 100 F382b 1999 2015-1384 11/05/2015 11/05/2015 Short Loan
    Other/Generic Classification Scheme     MUST Main Library MUST Main Library 11/05/2015   2004/22473   WW 100 F382b 1999 2015-1385 11/05/2015 11/05/2015 Short Loan